| 000 | 00456nam a2200181Ia 4500 | ||
|---|---|---|---|
| 008 | 230711s9999||||xx |||||||||||||| ||und|| | ||
| 020 | _a978-81-315-2825-9 | ||
| 041 | _aENG | ||
| 082 |
_a5.8 _bWH-P |
||
| 100 | _aWhitman,Michael E | ||
| 245 | 0 | _aPrinciples of Information Security | |
| 250 | _a5th Ed. | ||
| 260 |
_c2015 _aDelhi _bCengage Learning |
||
| 300 | _a692p. | ||
| 650 | _aElectronics Engineering | ||
| 700 | _aMattord,Herbert J | ||
| 942 | _cBK | ||
| 999 |
_c6596 _d6596 |
||